000 03056nkm a2200613 c 4500
999 _c209549
_d209549
003 BLK
005 20210211094352.0
008 180412b bul rap|r|||| r0| ||bulo|
010 _aKNG00139873000
020 _a978-954-476-057-1
040 _aBLK
041 _aENG
_cENG
072 7 _2bullib
_aН39
_xЕтнология. Фолклористика Н
080 _aНрави и обичаи в частния живот. Обреди при раждане, кръщене, пълнолетие, жертвопринасяне, сватба, семеен живот, брак, любов, дружба, гостоприемство, осиновяване и др.
_b392
_x(37)(083.824)
_z392(37)(083.824)
080 _aПаметници на културата на историческите периоди. Археологическите паметници. Старини
_b904
_x:061.4(497.2)(083.824)
_z904:061.4(497.2)(083.824)
139 _aThe Everyday Life of the Roman Legionary on the Lower Danube
_bЕ 20
_fE 94
_gЕ 20
245 1 0 _aThe Everyday Life of the Roman Legionary on the Lower Danube
_bThe Catalogue of the Exhibition
_ccomp., annot. Evgenia Gencheva; photogr. Mariana Jordanova Shekerova; transl. [от бълг.] Iskren Velikov.
257 _aBGR
260 _bROD
_c2012
_fРусе : Ruse Press
300 _a116 с.
_bс цв. ил.
_c30 см
380 _a3
500 _aИзд. на ХХІІ Intern. Limes Congr. The Everyday Life of the Roman Legionary on the Lower Danub - Rousse. - Сведения за авт. отг. отбелязани на гърба на загл. с. - Библиогр. с. 114-115.
650 4 _aРимляни - бит - изложби - каталози
_9352024
650 4 _aБългария - старини - музеи, галерии, колекции, изложби - каталози
_9327687
651 4 _aБългария
_9241624
653 _aримляни
653 _aлегионери
653 _aбит
653 _aстарини
653 _aизложби
653 _aкаталози
653 _aхудожествена керамика
653 _aсребърни предмети
653 _aнакити
653 _aвъоръжение
653 _aбитови предмети
653 _aскулптура
653 _aкаменна пластика
653 _aметални пластики
653 _aковано желязо
653 _aкултови предмети
653 _aбронзови предмети
653 _aамулети
653 _aглинени съдове
659 _aН
700 1 _aGencheva, Evgenia
_ecomp., annot.
_9352023
700 1 _aShekerova, Mariana Jordanova
_ephotogr.
_924302
700 1 _aVelikov, Iskren
_etransl. [от бълг.]
_9387133
852 _aЦб ІІ 27663
856 4 _qpdf
_u
856 4 _qpdf
_u
942 _cGRA
_n0
_s1
944 _aCR
_c21.02.2013
_lф /
_kНаталия_Медовщикова
944 _aED
_c02.06.2015
_lф /
_kИрена_Линкова
999 _d209549
999 _d209549
999 _d209549